La lectura en voz alta : una estrategia para promover el gusto por la lectura : preescolar.

Na minha lista:
Detalhes bibliográficos
Autor principal: Ojeda Martínez, Josefina A. (autor)
Outros Autores: Ixba Alejos, Elizer, colab (autor) colab, (autor)
Formato: Livro
Idioma:espanhol
Assuntos:
Tags: Adicionar Tag
Sem tags, seja o primeiro a adicionar uma tag!

MARC

LEADER 00000cam^a2200000uu^4500
001 000492558
005 20250521000000.0
008 050901s2002^^^^^^^^^^^^rd^r^^000^0^spa^d
009 20260310125443.56
022 |a 970187997X 
035 |a FCE 000035886 
035 |a FCE 035929 
037 |a Acervo ITESO - Biblioteca 
041 |a spa 
082 0 4 |a 372.072  |b TGA-03 1 
100 |a Ojeda Martínez, Josefina A.  |e (autor) 
245 1 3 |a La lectura en voz alta :  |b una estrategia para promover el gusto por la lectura : preescolar. 
264 |a México :  |b SEP, PRONAP,  |c 2002. 
300 |a 36 p. 
336 |a texto  |b txt  |2 rdacontenido 
337 |a sin mediación  |b n  |2 rdamedio 
338 |a volumen  |b nc  |2 rdasoporte 
596 |a La obra corresponde al programa Talleres Generales de Actualización 2002-2003 
649 |a XX 
650 |a Lectura 
650 |a Enseñanza de la lectura 
650 |a Guía del docente 
650 |a Taller 
650 |a Educación preescolar 
700 |a Ixba Alejos, Elizer,  |e colab  |e (autor) 
910 |a Fondo Centro de Estudios Educativos 
920 |a Impresos - Libros 
930 |a Fondos Especiales 
905 |a 133 
901 |a ALE035929  |b IT2  |c CEE  |u 20250521 
902 |a https://opac.biblio.iteso.mx/vufind/Record/000492558